| 000 | 00628nam a2200205Ia 4500 | ||
|---|---|---|---|
| 003 | IN-BaIIA | ||
| 008 | 211028s9999 xx 000 0 eng d | ||
| 020 | _a0-12-407850-8 | ||
| 040 | _cIIA Library | ||
| 080 |
_a523.9:53 _bKIN |
||
| 100 |
_aKing, J. W. _95441 |
||
| 245 | 0 |
_aSolar terrestrial physics _cJ. W. King and Newman W. S. |
|
| 260 |
_aLondon _bAcademic Press _c1967 |
||
| 300 | _axii, 390p. | ||
| 650 | _aAstronomy and Astrophysics Thesaurus | ||
| 650 | _aSolar Physics | ||
| 650 |
_aSolar Terrestrial Physics _95220 |
||
| 700 |
_aNewman, W. S. _95442 |
||
| 942 | _cBK | ||
| 999 |
_c3059 _d3059 |
||